[Event "Donskoj"]
[Site "Donskoj"]
[Date "2018.03.14"]
[Round "10"]
[White "Sosulin, Eduard"]
[Black "Bakutin, Aleksey"]
[Result "1/2-1/2"]
[WhiteElo "2389"]
[BlackElo "2334"]
[PlyCount "55"]
[EventDate "2018.03.09"]
[EventType "tourn"]
[EventRounds "13"]
[EventCountry "RUS"]
[EventCategory "1"]
[SourceTitle "CBM 183 Extra"]
[Source "ChessBase"]
[SourceDate "2018.04.19"]
[SourceVersion "1"]
[SourceVersionDate "2018.04.19"]
[SourceQuality "1"]

1. e4 e5 2. Nf3 Nf6 3. Nxe5 Qe7 4. Nf3 Qxe4+ 5. Qe2 Qxe2+ 6. Bxe2 Bc5 7. d4 Bb6 8. 0-0 d6 9. Nc3 Bf5 10. Bb5+ c6 11. Bd3 Bxd3 12. cxd3 0-0 13. Bf4 d5 14. Rfe1 Nbd7 15. Re7 Rfe8 16. Rae1 Rxe7 17. Rxe7 Re8 18. Rxe8+ Nxe8 19. Ne5 Nxe5 20. Bxe5 Bc7 21. Bxc7 Nxc7 22. f3 Nb5 23. Ne2 Kf8 24. Kf2 Ke7 25. Ke3 g5 26. f4 h6 27. Kf3 Kf6 28. g4 1/2-1/2

[Event "Donskoj"]
[Site "Donskoj"]
[Date "2018.03.13"]
[Round "8"]
[White "Moiseev, Viktor"]
[Black "Bakutin, Aleksey"]
[Result "1-0"]
[WhiteElo "2399"]
[BlackElo "2334"]
[PlyCount "97"]
[EventDate "2018.03.09"]
[EventType "tourn"]
[EventRounds "13"]
[EventCountry "RUS"]
[EventCategory "1"]
[SourceTitle "CBM 183 Extra"]
[Source "ChessBase"]
[SourceDate "2018.04.19"]
[SourceVersion "1"]
[SourceVersionDate "2018.04.19"]
[SourceQuality "1"]

1. e4 c5 2. Nf3 Nc6 3. d4 cxd4 4. Nxd4 e6 5. Nc3 Qc7 6. Be3 Nf6 7. Be2 a6 8. a3 Na5 9. Nb3 Nc4 10. Bxc4 Qxc4 11. e5 Ne4 12. Qg4 Nd6 13. Qd4 Qxd4 14. Bxd4 Nc4 15. Ne4 d5 16. exd6 e5 17. Bc3 Bf5 18. Ned2 Nxd2 19. Nxd2 f6 20. Nc4 b5 21. Ne3 Be6 22. 0-0-0 a5 23. b4 Rc8 24. Kb2 Rc6 25. bxa5 Bxd6 26. Bb4 Bb8 27. Nd5 Kf7 28. Nb6 e4 29. Rhe1 Be5+ 30. c3 f5 31. f3 Bxh2 32. fxe4 g6 33. Nd7 Rc7 34. exf5 gxf5 35. Nc5 Bc4 36. Rd2 Rg8 37. Rh1 Bf4 38. Rf2 Be3 39. Rxf5+ Kg6 40. g4 Rd8 41. Ne4 Bd3 42. Rd1 Rcd7 43. Rf6+ Kg7 44. Rd6 Rxd6 45. Nxd6 Bg6 46. Nf5+ Bxf5 47. Rxd8 Bxg4 48. a6 h5 49. Re8 1-0

[Event "Donskoj"]
[Site "Donskoj"]
[Date "2018.03.10"]
[Round "3"]
[White "Pendurin, Evgeniy"]
[Black "Bakutin, Aleksey"]
[Result "0-1"]
[WhiteElo "2133"]
[BlackElo "2334"]
[PlyCount "78"]
[EventDate "2018.03.09"]
[EventType "tourn"]
[EventRounds "13"]
[EventCountry "RUS"]
[EventCategory "1"]
[SourceTitle "CBM 183 Extra"]
[Source "ChessBase"]
[SourceDate "2018.04.19"]
[SourceVersion "1"]
[SourceVersionDate "2018.04.19"]
[SourceQuality "1"]

1. d4 d5 2. e3 Nf6 3. Bd3 e6 4. f4 b6 5. Nf3 Be7 6. 0-0 0-0 7. Qe2 Ne4 8. Nbd2 f5 9. Ne5 c5 10. c3 Bd7 11. Rf3 Nc6 12. Rh3 Nxe5 13. dxe5 Be8 14. Nxe4 fxe4 15. Bc2 Bg6 16. Bd2 Rb8 17. g4 b5 18. g5 Qb6 19. Rg3 d4 20. Qg2 d3 21. Bd1 c4 22. Kh1 b4 23. h4 bxc3 24. Bxc3 Bb4 25. h5 Be8 26. Bg4 Bxc3 27. bxc3 Bd7 28. h6 g6 29. Qh3 Rfe8 30. Bh5 Qb2 31. Rag1 Qxc3 32. Bxg6 hxg6 33. h7+ Kh8 34. Qh6 Re7 35. Qxg6 Rxh7+ 36. Rh3 Rxh3+ 37. Kg2 Rh7 38. Qf6+ Kg8 39. g6 Qd2+ 0-1

[Event "Tula Novikov Memorial"]
[Site "Tula"]
[Date "2011.10.07"]
[Round "13"]
[White "Pendurin, Evgeniy"]
[Black "Bakutin, Aleksey"]
[Result "0-1"]
[WhiteElo "2070"]
[BlackElo "2350"]
[PlyCount "66"]
[EventDate "2011.10.01"]
[EventType "tourn"]
[EventRounds "12"]
[EventCountry "RUS"]
[EventCategory "3"]
[SourceTitle "EXT 2012"]
[Source "ChessBase"]
[SourceDate "2011.11.24"]
[SourceVersion "1"]
[SourceVersionDate "2011.11.24"]
[SourceQuality "1"]

1. e4 e5 2. Nc3 Nf6 3. Nf3 Nc6 4. Bb5 Bb4 5. 0-0 0-0 6. d3 d6 7. Bg5 Bxc3 8. bxc3 Qe7 9. Bxc6 bxc6 10. h3 h6 11. Bh4 Qe6 12. Bxf6 Qxf6 13. Qe2 Rb8 14. Rab1 Be6 15. c4 Rb6 16. Rb3 Rfb8 17. Rfb1 c5 18. Nd2 Bd7 19. Qe3 Ba4 20. Rxb6 axb6 21. Nb3 Qg6 22. f4 exf4 23. Qxf4 Bd7 24. Kh2 Ra8 25. Rb2 f5 26. exf5 Bxf5 27. Nd2 Qf6 28. Rb1 Rxa2 29. Rc1 Bxd3 30. Qxf6 gxf6 31. cxd3 Rxd2 32. Rf1 Kf7 33. Rf3 c6 0-1

[Event "Tula Novikov Memorial"]
[Site "Tula"]
[Date "2011.10.06"]
[Round "11"]
[White "Babayev, Talib"]
[Black "Bakutin, Aleksey"]
[Result "1/2-1/2"]
[WhiteElo "2262"]
[BlackElo "2350"]
[PlyCount "66"]
[EventDate "2011.10.01"]
[EventType "tourn"]
[EventRounds "12"]
[EventCountry "RUS"]
[EventCategory "3"]
[SourceTitle "EXT 2012"]
[Source "ChessBase"]
[SourceDate "2011.11.24"]
[SourceVersion "1"]
[SourceVersionDate "2011.11.24"]
[SourceQuality "1"]

1. d4 d5 2. c4 e6 3. Nc3 c6 4. Nf3 Nf6 5. Bg5 h6 6. Bxf6 Qxf6 7. e3 Nd7 8. Bd3 dxc4 9. Bxc4 Bd6 10. 0-0 Qe7 11. Ne4 Bc7 12. Rc1 0-0 13. Bb3 Rd8 14. Qc2 Nf8 15. Rfd1 Bd7 16. Nc5 Rab8 17. a3 Be8 18. Ba2 Qf6 19. Qe4 Qg6 20. Qxg6 Nxg6 21. b4 Nf8 22. Ne5 Bxe5 23. dxe5 b6 24. Rxd8 Rxd8 25. Ne4 Rd3 26. Nc3 Rd8 27. f4 Rd2 28. Bc4 a5 29. Ne4 Rb2 30. bxa5 bxa5 31. Kf1 Nd7 32. Nd6 Kf8 33. Be2 Nb6 1/2-1/2

[Event "Tula Novikov Memorial"]
[Site "Tula"]
[Date "2011.10.02"]
[Round "3"]
[White "Bakutin, Aleksey"]
[Black "Arakeljan, Armen M"]
[Result "1/2-1/2"]
[WhiteElo "2350"]
[BlackElo "2308"]
[PlyCount "27"]
[EventDate "2011.10.01"]
[EventType "tourn"]
[EventRounds "12"]
[EventCountry "RUS"]
[EventCategory "3"]
[SourceTitle "EXT 2012"]
[Source "ChessBase"]
[SourceDate "2011.11.24"]
[SourceVersion "1"]
[SourceVersionDate "2011.11.24"]
[SourceQuality "1"]

1. e4 e5 2. Nf3 Nf6 3. Nxe5 d6 4. Nf3 Nxe4 5. d4 d5 6. Bd3 Be7 7. 0-0 0-0 8. c4 c6 9. Nc3 Nxc3 10. bxc3 dxc4 11. Bxc4 Bg4 12. h3 Bh5 13. Re1 Nd7 14. Rb1 1/2-1/2

[Event "Tula-ch fin"]
[Site "Tula"]
[Date "2007.08.09"]
[Round "7"]
[White "Bakutin, Aleksey"]
[Black "Tishin, Petr"]
[Result "0-1"]
[WhiteElo "2327"]
[BlackElo "2404"]
[PlyCount "78"]
[EventDate "2007.08.03"]
[EventType "tourn"]
[EventRounds "9"]
[EventCountry "RUS"]
[EventCategory "6"]
[SourceTitle "CBM 119 Extra"]
[Source "ChessBase"]
[SourceDate "2007.09.04"]
[SourceVersion "1"]
[SourceVersionDate "2007.09.04"]
[SourceQuality "1"]

1. c4 e5 2. Nc3 Nf6 3. g3 c6 4. d4 exd4 5. Qxd4 d5 6. Bg2 Be6 7. cxd5 cxd5 8. Nf3 Nc6 9. Qa4 Bc5 10. Ne5 0-0 11. Nd3 Bb6 12. 0-0 d4 13. Ne4 Nxe4 14. Bxe4 Bd5 15. Bxd5 Qxd5 16. Bd2 Rfe8 17. Rfe1 Re4 18. Qb3 Qf5 19. e3 Rae8 20. Rf1 Qd7 21. Rad1 dxe3 22. Bxe3 Bxe3 23. Nc5 Bxf2+ 24. Rxf2 Qxd1+ 25. Qxd1 Re1+ 26. Qxe1 Rxe1+ 27. Kg2 f6 28. Nd3 Re6 29. Nf4 Rd6 30. b3 g6 31. Re2 Kg7 32. Kf2 h5 33. Rc2 Kh6 34. h4 b6 35. Ke3 g5 36. hxg5+ fxg5 37. Ne2 Nb4 38. Rc4 Nxa2 39. Ra4 Re6+ 0-1

[Event "Tula-ch fin"]
[Site "Tula"]
[Date "2007.08.07"]
[Round "5"]
[White "Bakutin, Aleksey"]
[Black "Selin, Oleg"]
[Result "1/2-1/2"]
[WhiteElo "2327"]
[BlackElo "2400"]
[PlyCount "131"]
[EventDate "2007.08.03"]
[EventType "tourn"]
[EventRounds "9"]
[EventCountry "RUS"]
[EventCategory "6"]
[SourceTitle "CBM 119 Extra"]
[Source "ChessBase"]
[SourceDate "2007.09.04"]
[SourceVersion "1"]
[SourceVersionDate "2007.09.04"]
[SourceQuality "1"]

1. d4 Nf6 2. c4 g6 3. Nc3 Bg7 4. e4 d6 5. f3 0-0 6. Be3 Nbd7 7. Qd2 c5 8. Nge2 a6 9. Bh6 Bxh6 10. Qxh6 b5 11. 0-0-0 Qa5 12. Kb1 bxc4 13. h4 Kh8 14. h5 Ng8 15. Qe3 Rb8 16. hxg6 fxg6 17. dxc5 Qxc5 18. Qc1 Ne5 19. Nf4 e6 20. Be2 Rf7 21. Ka1 Rfb7 22. Rd2 Bd7 23. Rhd1 Rb6 24. Nxe6 Bxe6 25. Na4 Qa5 26. Nxb6 c3 27. b4 cxd2 28. bxa5 dxc1Q+ 29. Rxc1 Ne7 30. Bxa6 N5c6 31. Rd1 Rd8 32. Bc4 Bxc4 33. Nxc4 d5 34. exd5 Rxd5 35. Rxd5 Nxd5 36. g3 h5 37. Kb2 g5 38. Kc1 h4 39. gxh4 gxh4 40. Nd2 Nxa5 41. Nf1 Kg7 42. Kd1 Kg6 43. Ke1 Nc4 44. Kf2 Kg5 45. a4 Nf4 46. Nh2 Nd3+ 47. Kg2 Ne3+ 48. Kg1 Nc4 49. Kg2 Nc5 50. Kh3 Ne6 51. Kg2 Nd4 52. Kh3 Ne2 53. Kg2 Nf4+ 54. Kf2 Kf5 55. Ng4 Ke6 56. Nh6 Ke5 57. Ng4+ Kd4 58. Nh6 Ne3 59. a5 h3 60. Kg1 Kc5 61. Kh2 Nf1+ 62. Kh1 Nd2 63. Ng4 Nxf3 64. Nf2 h2 65. Ng4 Kb5 66. Nxh2 1/2-1/2

[Event "Tula-ch fin"]
[Site "Tula"]
[Date "2007.08.06"]
[Round "4"]
[White "Chuiko, Alexander"]
[Black "Bakutin, Aleksey"]
[Result "1-0"]
[WhiteElo "2452"]
[BlackElo "2327"]
[PlyCount "75"]
[EventDate "2007.08.03"]
[EventType "tourn"]
[EventRounds "9"]
[EventCountry "RUS"]
[EventCategory "6"]
[SourceTitle "CBM 119 Extra"]
[Source "ChessBase"]
[SourceDate "2007.09.04"]
[SourceVersion "1"]
[SourceVersionDate "2007.09.04"]
[SourceQuality "1"]

1. e4 c5 2. Nf3 Nc6 3. d4 cxd4 4. Nxd4 e5 5. Nb5 d6 6. c4 f5 7. exf5 Bxf5 8. Bd3 Bxd3 9. Qxd3 Nf6 10. 0-0 a6 11. N5c3 Be7 12. Nd2 Nb4 13. Qe2 Nc2 14. Rb1 Nd4 15. Qd3 d5 16. cxd5 Nxd5 17. Qe4 Nf6 18. Qxe5 0-0 19. Nde4 Nc6 20. Qe6+ Kh8 21. Be3 Qa5 22. h3 Rae8 23. Qb3 b5 24. Nxf6 Bxf6 25. Nd5 Qd8 26. Rbd1 Be5 27. Bc5 Rg8 28. Ne7 Qxd1 29. Rxd1 Nxe7 30. Qe6 Ng6 31. Qxa6 Ra8 32. Qxb5 Rgb8 33. Qc4 Bxb2 34. Rb1 Ne5 35. Qc2 Nd7 36. Rxb2 Rxb2 37. Qxb2 Nxc5 38. Qb5 1-0

[Event "Donskoj"]
[Site "Donskoj"]
[Date "2007.07.12"]
[Round "7"]
[White "Bakutin, Aleksey"]
[Black "Saulin, Dmitri"]
[Result "1/2-1/2"]
[WhiteElo "2327"]
[BlackElo "2400"]
[PlyCount "55"]
[EventDate "2007.07.09"]
[EventType "tourn"]
[EventRounds "13"]
[EventCountry "RUS"]
[EventCategory "4"]
[SourceTitle "EXT 2009"]
[Source "ChessBase"]
[SourceDate "2008.11.26"]
[SourceVersion "1"]
[SourceVersionDate "2008.11.26"]
[SourceQuality "1"]

1. c4 d5 2. cxd5 Nf6 3. Nc3 Nxd5 4. Nf3 Nxc3 5. bxc3 g6 6. g3 Bg7 7. Bg2 0-0 8. 0-0 c5 9. Qa4 Bd7 10. Qh4 Bc6 11. d4 cxd4 12. cxd4 Nd7 13. Bh6 Bxh6 14. Qxh6 Nf6 15. Rfd1 Qa5 16. Qe3 Be4 17. Ne5 Bxg2 18. Kxg2 Rfc8 19. Qb3 Qd5+ 20. Qxd5 Nxd5 21. Rdc1 f6 22. Nd3 Rc3 23. Kf3 Rac8 24. Rxc3 Rxc3 25. Ke4 Nb6 26. Rc1 Rxc1 27. Nxc1 Na4 28. d5 1/2-1/2

[Event "Donskoj"]
[Site "Donskoj"]
[Date "2007.07.11"]
[Round "5"]
[White "Bakutin, Aleksey"]
[Black "Arzumanian, Georgy"]
[Result "1/2-1/2"]
[WhiteElo "2327"]
[BlackElo "2465"]
[PlyCount "45"]
[EventDate "2007.07.09"]
[EventType "tourn"]
[EventRounds "13"]
[EventCountry "RUS"]
[EventCategory "4"]
[SourceTitle "EXT 2009"]
[Source "ChessBase"]
[SourceDate "2008.11.26"]
[SourceVersion "1"]
[SourceVersionDate "2008.11.26"]
[SourceQuality "1"]

1. d4 d5 2. Nf3 Nf6 3. Bf4 e6 4. e3 Bd6 5. Bxd6 Qxd6 6. Bd3 0-0 7. 0-0 Nbd7 8. c3 e5 9. dxe5 Nxe5 10. Nxe5 Qxe5 11. Nd2 c5 12. Nf3 Qc7 13. h3 h6 14. Qe2 Bd7 15. Rad1 Rad8 16. Qc2 b6 17. Bf5 Bxf5 18. Qxf5 Qd7 19. Qxd7 Rxd7 20. Rd2 Rfd8 21. Rfd1 Kf8 22. Ne5 Rd6 23. Kf1 1/2-1/2

[Event "Donskoj"]
[Site "Donskoj"]
[Date "2007.07.09"]
[Round "1"]
[White "Bakutin, Aleksey"]
[Black "Sotnikov, Alexey"]
[Result "1-0"]
[WhiteElo "2327"]
[BlackElo "2340"]
[PlyCount "117"]
[EventDate "2007.07.09"]
[EventType "tourn"]
[EventRounds "13"]
[EventCountry "RUS"]
[EventCategory "4"]
[SourceTitle "EXT 2009"]
[Source "ChessBase"]
[SourceDate "2008.11.26"]
[SourceVersion "1"]
[SourceVersionDate "2008.11.26"]
[SourceQuality "1"]

1. c4 c5 2. Nc3 Nc6 3. Nf3 Nf6 4. d4 cxd4 5. Nxd4 e5 6. Ndb5 a6 7. Nd6+ Bxd6 8. Qxd6 Qe7 9. Qxe7+ Nxe7 10. Bg5 0-0 11. Rd1 b5 12. cxb5 axb5 13. a3 Rb8 14. Bxf6 gxf6 15. b4 Rd8 16. e4 Ba6 17. a4 f5 18. exf5 Nxf5 19. Bxb5 Bxb5 20. Nxb5 d5 21. Kd2 Kf8 22. Rhe1 f6 23. Rb1 Ke7 24. Rec1 Rd7 25. g4 Nh4 26. Rb3 Ng6 27. Nc7 e4 28. Na6 Rb6 29. Nc5 Rd8 30. a5 Rb5 31. a6 Ra8 32. Rh3 Rxb4 33. Rxh7+ Kd6 34. Rf7 Rb2+ 35. Ke3 Ke5 36. Nd7+ Ke6 37. Rxf6+ Kxd7 38. Rxg6 Rb3+ 39. Kd2 Rf8 40. Ke1 Rb2 41. a7 Rbxf2 42. Rc5 Rf1+ 43. Kd2 R1f2+ 44. Kc3 Ra2 45. Rxd5+ Ke7 46. Rg7+ Kf6 47. Rb7 Rc8+ 48. Kd4 Rd2+ 49. Kxe4 Re8+ 50. Kf4 Rxd5 51. Rb8 Rd4+ 52. Kg3 Rd3+ 53. Kh4 Rdd8 54. a8Q Rxb8 55. Qc6+ Kg7 56. Qd7+ Kh8 57. Kh5 Re4 58. g5 Rbb4 59. Qd6 1-0

[Event "Donskoj"]
[Site "Donskoj"]
[Date "2005.09.22"]
[Round "12"]
[White "Igriashvili, Zurab"]
[Black "Bakutin, Aleksey"]
[Result "0-1"]
[WhiteElo "2279"]
[BlackElo "2311"]
[PlyCount "43"]
[EventDate "2005.09.15"]
[EventType "tourn"]
[EventRounds "13"]
[EventCountry "RUS"]
[EventCategory "5"]
[SourceTitle "CBM 108 Extra"]
[Source "ChessBase"]
[SourceDate "2005.11.04"]
[SourceVersion "1"]
[SourceVersionDate "2005.11.04"]
[SourceQuality "1"]

1. e4 c5 2. Nf3 Nc6 3. d4 cxd4 4. Nxd4 e5 5. Nb5 d6 6. c4 Be7 7. Be3 f5 8. exf5 Bxf5 9. N1c3 a6 10. Na3 Nf6 11. Bd3 e4 12. Be2 d5 13. Nxd5 Bxa3 14. Nxf6+ Qxf6 15. bxa3 Rd8 16. Qb1 Qc3+ 17. Kf1 0-0 18. h4 Bg4 19. Bxg4 Qxe3 20. Qe1 Qf4 21. Be2 e3 22. f3 0-1

[Event "Donskoj"]
[Site "Donskoj"]
[Date "2005.09.20"]
[Round "9"]
[White "Bakutin, Aleksey"]
[Black "Brikov, Illarion"]
[Result "1/2-1/2"]
[WhiteElo "2311"]
[BlackElo "2410"]
[PlyCount "34"]
[EventDate "2005.09.15"]
[EventType "tourn"]
[EventRounds "13"]
[EventCountry "RUS"]
[EventCategory "5"]
[SourceTitle "CBM 108 Extra"]
[Source "ChessBase"]
[SourceDate "2005.11.04"]
[SourceVersion "1"]
[SourceVersionDate "2005.11.04"]
[SourceQuality "1"]

1. d4 Nf6 2. c4 c5 3. d5 e6 4. Nc3 exd5 5. cxd5 d6 6. Nf3 g6 7. e4 Bg7 8. Bd3 0-0 9. h3 Bd7 10. Bf4 Qc7 11. 0-0 c4 12. Bc2 Na6 13. e5 dxe5 14. Nxe5 Nh5 15. d6 Qd8 16. Bh2 Nc5 17. Nd5 Re8 1/2-1/2

[Event "Donskoj"]
[Site "Donskoj"]
[Date "2005.09.20"]
[Round "10"]
[White "Sosulin, Eduard"]
[Black "Bakutin, Aleksey"]
[Result "0-1"]
[WhiteElo "2376"]
[BlackElo "2311"]
[PlyCount "58"]
[EventDate "2005.09.15"]
[EventType "tourn"]
[EventRounds "13"]
[EventCountry "RUS"]
[EventCategory "5"]
[SourceTitle "CBM 108 Extra"]
[Source "ChessBase"]
[SourceDate "2005.11.04"]
[SourceVersion "1"]
[SourceVersionDate "2005.11.04"]
[SourceQuality "1"]

1. c4 c5 2. Nf3 Nf6 3. d4 cxd4 4. Nxd4 e5 5. Nb5 d5 6. cxd5 Bc5 7. N5c3 0-0 8. e3 e4 9. a3 Bf5 10. b4 Bd6 11. Nd2 Nbd7 12. Be2 a6 13. Bb2 Ne5 14. h3 Bg6 15. Nc4 Nxc4 16. Bxc4 Rc8 17. Bb3 Nd7 18. Ne2 Qg5 19. Kf1 Ne5 20. Bxe5 Bxe5 21. Nd4 Rc7 22. h4 Qf6 23. h5 Bf5 24. g3 Qg5 25. Qd2 Rfc8 26. Kg2 Rc3 27. Bd1 Rd3 28. Qb2 Bxg3 29. fxg3 Qxe3 0-1

[Event "Donskoj"]
[Site "Donskoj"]
[Date "2005.09.19"]
[Round "8"]
[White "Moiseev, Viktor"]
[Black "Bakutin, Aleksey"]
[Result "1/2-1/2"]
[WhiteElo "2417"]
[BlackElo "2311"]
[PlyCount "30"]
[EventDate "2005.09.15"]
[EventType "tourn"]
[EventRounds "13"]
[EventCountry "RUS"]
[EventCategory "5"]
[SourceTitle "CBM 108 Extra"]
[Source "ChessBase"]
[SourceDate "2005.11.04"]
[SourceVersion "1"]
[SourceVersionDate "2005.11.04"]
[SourceQuality "1"]

1. e4 c5 2. Nf3 Nc6 3. d4 cxd4 4. Nxd4 e5 5. Nb5 d6 6. c4 Be7 7. N1c3 a6 8. Na3 Be6 9. Be2 Bg5 10. Bxg5 Qxg5 11. 0-0 Rd8 12. Nd5 h5 13. Nc2 h4 14. Qd3 Nf6 15. Bf3 0-0 1/2-1/2

[Event "Tula Efremenkov Memorial"]
[Site "Tula"]
[Date "2005.02.07"]
[Round "?"]
[White "Sinitsin, Evgeniy"]
[Black "Bakutin, Aleksey"]
[Result "1/2-1/2"]
[WhiteElo "2315"]
[BlackElo "2322"]
[PlyCount "25"]
[EventDate "2005.01.30"]
[EventType "tourn"]
[EventRounds "13"]
[EventCountry "RUS"]
[EventCategory "6"]
[SourceTitle "EXT 2006"]
[Source "ChessBase"]
[SourceDate "2005.11.24"]
[SourceVersion "1"]
[SourceVersionDate "2005.11.24"]
[SourceQuality "1"]

1. Nf3 Nf6 2. g3 g6 3. Bg2 Bg7 4. 0-0 0-0 5. d4 d6 6. Nc3 Nbd7 7. e4 e5 8. h3 c6 9. Be3 Re8 10. dxe5 dxe5 11. Qe2 Qc7 12. Rad1 b5 13. a3 1/2-1/2

[Event "Tula Efremenkov Memorial"]
[Site "Tula"]
[Date "2005.02.03"]
[Round "?"]
[White "Bakutin, Aleksey"]
[Black "Zaitsev, Alexander"]
[Result "0-1"]
[WhiteElo "2322"]
[BlackElo "2374"]
[PlyCount "90"]
[EventDate "2005.01.30"]
[EventType "tourn"]
[EventRounds "13"]
[EventCountry "RUS"]
[EventCategory "6"]
[SourceTitle "EXT 2006"]
[Source "ChessBase"]
[SourceDate "2005.11.24"]
[SourceVersion "1"]
[SourceVersionDate "2005.11.24"]
[SourceQuality "1"]

1. c4 Nf6 2. Nc3 c5 3. Nf3 e6 4. e4 Nc6 5. d4 cxd4 6. Nxd4 Bb4 7. Nxc6 dxc6 8. Bd2 e5 9. Be2 0-0 10. 0-0 Be6 11. Qc2 Nd7 12. Be3 Bc5 13. Bxc5 Nxc5 14. Rad1 Qg5 15. b4 Bh3 16. Bf3 Ne6 17. Ne2 Rfd8 18. c5 Bg4 19. Bxg4 Qxg4 20. Rd6 Rxd6 21. cxd6 Rd8 22. Rd1 Rd7 23. Rd2 Qg5 24. g3 Qd8 25. Qd1 Ng5 26. Nc3 f6 27. Kg2 Nf7 28. Qg4 Rxd6 29. Rxd6 Nxd6 30. Qe6+ Kf8 31. a4 Qe7 32. Qa2 Qf7 33. Qd2 Ke7 34. b5 Qc4 35. bxc6 bxc6 36. f3 Qd4 37. Qb2 Kf7 38. h4 Kg6 39. g4 h5 40. gxh5+ Kxh5 41. Qc1 Qd3 42. Qe1 Nc4 43. Ne2 Kh6 44. Kh3 Qxf3+ 45. Ng3 Ne3 0-1

[Event "RUS Central Region-ch"]
[Site "Tula"]
[Date "2004.03.19"]
[Round "6"]
[White "Bakutin, Aleksey"]
[Black "Kosov, Ivan"]
[Result "1-0"]
[WhiteElo "2303"]
[BlackElo "2194"]
[PlyCount "107"]
[EventDate "2004.03.14"]
[EventType "swiss"]
[EventRounds "9"]
[EventCountry "RUS"]
[SourceTitle "EXT 2005"]
[Source "ChessBase"]
[SourceDate "2004.11.15"]
[SourceVersion "1"]
[SourceVersionDate "2004.11.15"]
[SourceQuality "1"]

1. c4 c5 2. Nc3 Nf6 3. g3 e6 4. Bg2 d5 5. d3 d4 6. Ne4 Nxe4 7. Bxe4 Bd6 8. e3 e5 9. Ne2 Nd7 10. 0-0 0-0 11. exd4 exd4 12. Nf4 Nf6 13. Bf3 Rb8 14. Re1 b6 15. Nd5 Nxd5 16. Bxd5 Bb7 17. Qf3 Qc7 18. Bd2 Rfe8 19. Bxb7 Qxb7 20. Re4 Rf8 21. Qf5 Rfe8 22. Rae1 Rxe4 23. Rxe4 Qc6 24. b3 b5 25. cxb5 Qxb5 26. Re1 Qa6 27. Qd5 Bf8 28. Bf4 Rc8 29. Qd7 Ra8 30. Qd5 Rc8 31. Qd7 Ra8 32. Re8 Rxe8 33. Qxe8 Qe6 34. Qxe6 fxe6 35. Kg2 Kf7 36. Kf3 Kf6 37. Ke4 g5 38. Be5+ Kg6 39. g4 Kf7 40. Bb8 a6 41. Bc7 Kf6 42. f3 Ke7 43. f4 gxf4 44. Bxf4 Kf6 45. h4 Ke7 46. g5 Kf7 47. h5 Be7 48. Ke5 Bf8 49. g6+ hxg6 50. hxg6+ Kxg6 51. Kxe6 a5 52. a4 Kh5 53. Bd6 c4 54. bxc4 1-0

[Event "RUS Central Region-ch"]
[Site "Tula"]
[Date "2004.03.18"]
[Round "5"]
[White "Vasiliev, Vladimir P"]
[Black "Bakutin, Aleksey"]
[Result "1-0"]
[WhiteElo "2371"]
[BlackElo "2303"]
[PlyCount "99"]
[EventDate "2004.03.14"]
[EventType "swiss"]
[EventRounds "9"]
[EventCountry "RUS"]
[SourceTitle "EXT 2005"]
[Source "ChessBase"]
[SourceDate "2004.11.15"]
[SourceVersion "1"]
[SourceVersionDate "2004.11.15"]
[SourceQuality "1"]

1. d4 Nf6 2. c4 e6 3. Nc3 d5 4. Bg5 c6 5. cxd5 exd5 6. e3 Bf5 7. Qf3 Bg6 8. Bxf6 gxf6 9. Qd1 Nd7 10. h4 Qb6 11. Qd2 0-0-0 12. Nge2 h5 13. Rc1 Kb8 14. Nf4 Re8 15. g3 Bd6 16. Bh3 f5 17. 0-0 Nf6 18. f3 Re7 19. Kf2 Rhe8 20. Rfe1 Qd8 21. a3 Nd7 22. Na4 Nb6 23. Nxb6 axb6 24. Bf1 Qd7 25. a4 Bxf4 26. exf4 Rxe1 27. Rxe1 Rxe1 28. Qxe1 f6 29. Qb4 Qd8 30. Bd3 Kc7 31. a5 bxa5 32. Qxa5+ Kd7 33. Qa7 Qc7 34. b4 b6 35. Qa8 Qc8 36. Qa2 b5 37. Qc2 Qa8 38. Bxf5+ Bxf5 39. Qxf5+ Ke7 40. Qd3 Kd6 41. g4 hxg4 42. fxg4 Qa1 43. h5 Qb2+ 44. Kg3 Qxb4 45. Qe3 Kd7 46. h6 Qf8 47. f5 b4 48. h7 Kc7 49. g5 fxg5 50. Qe5+ 1-0

[Event "Donskoj STEK Cup"]
[Site "Donskoj"]
[Date "2003.??.??"]
[Round "12"]
[White "Afromeev, Vladimir"]
[Black "Bakutin, Aleksey"]
[Result "1-0"]
[WhiteElo "2537"]
[BlackElo "2303"]
[PlyCount "63"]
[EventDate "2003.??.??"]
[EventType "tourn"]
[EventRounds "13"]
[EventCountry "RUS"]
[EventCategory "4"]
[SourceTitle "EXT 2005"]
[Source "ChessBase"]
[SourceDate "2004.11.15"]
[SourceVersion "1"]
[SourceVersionDate "2004.11.15"]
[SourceQuality "1"]

1. e4 c5 2. c3 Nf6 3. e5 Nd5 4. d4 cxd4 5. cxd4 d6 6. Nf3 Nc6 7. Bc4 dxe5 8. dxe5 Nb6 9. Qxd8+ Nxd8 10. Bb3 Bg4 11. Nd4 e6 12. 0-0 Bc5 13. Be3 0-0 14. Re1 Nd7 15. f4 Nc6 16. Nxc6 Bxe3+ 17. Rxe3 bxc6 18. Nc3 Rfc8 19. Ne4 c5 20. Rc1 Rc7 21. Rec3 Rac8 22. Nd6 Rb8 23. h3 Be2 24. f5 c4 25. Kf2 cxb3 26. Rxc7 bxa2 27. Rxd7 Bd3 28. fxe6 fxe6 29. Rxa7 Bb1 30. b4 h6 31. Rc8+ Rxc8 32. Nxc8 1-0

[Event "RUS-ch sf"]
[Site "Tula"]
[Date "2003.??.??"]
[Round "1"]
[White "Balashov, Yuri S"]
[Black "Bakutin, Aleksey"]
[Result "1-0"]
[WhiteElo "2521"]
[BlackElo "2267"]
[PlyCount "63"]
[EventDate "2003.03.??"]
[EventType "swiss"]
[EventRounds "9"]
[EventCountry "RUS"]
[SourceTitle "EXT 2004"]
[Source "ChessBase"]
[SourceDate "2003.11.25"]
[SourceVersion "1"]
[SourceVersionDate "2003.11.25"]
[SourceQuality "1"]

1. c4 Nf6 2. Nc3 g6 3. e4 d6 4. d4 Bg7 5. Nf3 0-0 6. h3 e5 7. d5 a5 8. Bg5 h6 9. Be3 Na6 10. Bd3 Bd7 11. Qd2 Nxe4 12. Bxe4 f5 13. Bxh6 fxe4 14. Nxe4 b5 15. Bxg7 Kxg7 16. cxb5 Bxb5 17. Nfg5 Kg8 18. a4 Bd7 19. 0-0 Nb4 20. Ra3 Qe7 21. Rg3 Bf5 22. h4 c6 23. Nc3 Qb7 24. dxc6 Qxc6 25. h5 d5 26. Nf3 d4 27. Nxe5 dxc3 28. Qh6 Qc7 29. Nxg6 Qxg3 30. fxg3 cxb2 31. Qh8+ Kf7 32. Rxf5+ 1-0